01642nam a2200349 450000100060000000300080000600500170001400800410003102000280007203500190010004000310011904100080015008200180015809900230017610000340019924500700023326000490030330000290035249000620038150400660044360000760050965000370058583000180062283000400064094200120068094900250069299900170071795201390073495201410087395201390101495201390115331878BD-RjUL20211209051748.0140422s1990 nyua b 001 0 eng  a082041235X (alk. paper) a(BD-RjUL)31966 aDLCcBD-RjULdBD-RjULbeng aeng a192bALB 1990 aB1649.R94.P37 19931 aAlam ,Rashidul d1944-99704010aBertrand Russell's philosophy of logical atomism /cRashidul Alam aNew Delhi : bMittal Publications, c©1990. a231 p. :bill. ;c23 cm.1 aAmerican university studies. Series V, Philosophy,vv. 89 aIncludes bibliographical references (p. [357]-358) and index.10aRussell, Bertrand,d1872-1970xContributions in logical atomism.997048 0aLogical atomismxHistory.997042 0vv. 89.997049 0aAmerican university studies.997050 2ddccBK aMYGHb39080008687235 c31878d31878 00102ddc40708NFICaRUCLbRUCLcStackd1991-10-12eRahsadul alamg522.50l0o192 ALB 1990r2014-04-22 00:00:00tC-4w2014-04-22yBK 00102ddc40718NFICaRUCLbRUCLcReadingd1991-10-12eRahsadul alamg522.50l0o192 ALB 1990r2014-04-22 00:00:00tC-1w2021-12-09yBK 00102ddc40708NFICaRUCLbRUCLcStackd1991-01-12eRahsadul alamg522.00l0o192 ALB 1990r2014-04-22 00:00:00tC-2w2014-04-22yBK 00102ddc40708NFICaRUCLbRUCLcStackd1991-10-12eRahsadul alamg522.50l0o192 ALB 1990r2014-04-22 00:00:00tC-5w2014-04-22yBK